| 000 | 06167nam a22005897a 4500 | ||
|---|---|---|---|
| 005 | 20111220123343.0 | ||
| 010 | _aB-447822-851 | ||
| 020 |
_a9789350281062 _c495.00 |
||
| 020 |
_a9350281066 _c495.00 |
||
| 035 | _aB-447822-851 | ||
| 037 | _bPUB/KK | ||
| 082 | _a364.168 | ||
| 100 |
_aTalat Fatima _944524 |
||
| 245 |
_aCybercrimes / _cby Talat Fatima |
||
| 260 |
_aLucknow _bEastern Book Company _c2011 |
||
| 270 |
_a34, Lal bagh _bLucknow _e226001 |
||
| 300 |
_axi,542p. _c24cm(pbk) |
||
| 500 | _aIncludes bibliographical refrences and index | ||
| 700 | _944095 | ||
| 942 |
_2ddc _cEN _mTAL _h364.168 |
||
| 999 |
_c64250 _d64250 |
||